Adozione. (Record n. 357947)
[ formato base ]
| 000 -LEADER | |
|---|---|
| campo di controllo lung. fissa | 01461nam a22002177a 4500 |
| 003 - Identificatore del numero di controllo | |
| campo di controllo | IT-MiCISF |
| 005 - Data e orario dell'ultima transazione | |
| campo di controllo | 20230206144753.0 |
| 008 - Elementi di lunghezza fissa--Informazione generale | |
| campo di controllo lung. fissa | 180709b ||||| |||| 00| 0 eng d |
| 040 ## - Fonte della catalogazione | |
| Agenzia che fa la trascrizione | IT-MiCISF |
| 041 ## - Codice di lingua | |
| Codice di lingua del testo/traccia sonora o titolo separato | it |
| 100 ## - Accesso principale -- nome di persona | |
| Nome di persona | Mineo Francesca |
| 9 (RLIN) | 57301 |
| 245 ## - Formulazione del titolo | |
| Titolo | Adozione. |
| Complemento del titolo | Una famiglia che nasce |
| 260 ## - Pubblicazione, distribuzione, ecc. (stampa) | |
| Luogo di pubblicazione, distribuzione, ecc. | Cinisello B. (MI) |
| Nome dell'editore, distributore, ecc. | San Paolo |
| Data di pubblicazione, distribuzione, ecc. | 2018 |
| 300 ## - Descrizione fisica | |
| Estensione | pp. 127 |
| 500 ## - Nota generale | |
| Nota generale | famiglia, adozione, famiglia-adottiva, genitori-adottivi, rapporti-nonni-nipoti |
| 501 ## - Nota | |
| Nota | Prefazione di Cazzullo Aldo |
| 520 ## - Riassunto, ecc. | |
| Nota di riassunto, ecc. | L'attesa di un bambino adottivo, desiderato e amato prima ancora di essere conosciuto, rappresenta una rivoluzione non solo per i futuri genitori, ma anche per i nonni più esperti. Questo libro è per loro guida autorevole ma anche diario di viaggio, che comincia con l'annuncio dell'adozione fino all'arrivo (spesso da un altro continente) e alla conoscenza del nipotino. Nulla è scontato: ci saranno tempi lunghi come nella gravidanza degli elefanti, interrogativi, dubbi e tanta voglia di essere una vera risorsa per la nuova famiglia che nasce. Tranquilli: ci sarà lavoro anche per voi, cari nonni, persino quando vi troverete al parchetto col vostro adorato bambino e dovrete fronteggiare la curiosità altrui. Qui potrete trovare un assaggio del lavoro (faticoso, certo, ma anche gioioso) che vi aspetta per la costruzione di questo amore. |
| 650 ## - Accesso aggiunto di soggetto--termine topico | |
| Termine topico o nome geografico come accesso | adozione/affido |
| 9 (RLIN) | 56263 |
| 654 ## - Accesso aggiunto di soggetto--termini topici faccettati | |
| Termine principale | saggio |
| 942 ## - Dati aggiuntivi (Koha) | |
| Fonte della classificazione o dello schema di collocazione (segnatura) | Dewey Decimal Classification |
| Tipo copia default (Koha) | LIBRO |
| Ritirato (status) | Perso (status) | Fonte della classificazione o dello schema di collocazione (segnatura) | Danneggiato (status) | Non per il presito | Biblioteca proprietaria | Biblioteca in cui si trova | Data d'acquisizione | Totale prestiti | Collocazione | Codice a barre | Data ultima operazione | Prezzo in vigore dal | Tipo copia default (Koha) |
|---|---|---|---|---|---|---|---|---|---|---|---|---|---|
| Dewey Decimal Classification | Buone Condizioni | Not For Loan | CISF - Milano | CISF - Milano | 09/07/2018 | a2269 | 9788892214408 | 09/07/2018 | 09/07/2018 | LIBRO |